Paroles "De zéro en héros" - Hercule (Disney) - Statistiques

Statistiques générales
  • Ce quiz a été pris 73 fois
  • Le résultat moyen est 202 sur 266
Statistiques - réponses
Chanteur Paroles % Correct
C'est
97%
c'est
97%
est
95%
Est
95%
Il
95%
il
95%
a
93%
Herc
93%
le
93%
Le
93%
de
91%
De
91%
héros
91%
qui
91%
Qui
91%
la
90%
La
90%
plus
90%
Plus
90%
zéro
90%
Zéro
90%
grand
88%
Grand
88%
un
88%
Un
88%
en
86%
Hercule
86%
les
86%
se
86%
tout
86%
dans
84%
géant
84%
sur
84%
vent
84%
et
83%
ne
83%
Grèce
81%
pas
81%
chaque
79%
du
79%
filles
79%
ses
79%
Toute
79%
monstre
78%
sont
78%
tous
78%
illico
76%
met
76%
personne
76%
pot
76%
sacré
76%
admire
74%
biceps
74%
K-O
74%
monstres
74%
trop
74%
changé
72%
compressent
72%
Mais
72%
mais
72%
vase
72%
pectoraux
71%
quand
71%
show
71%
toujours
71%
Toujours
71%
toutes
71%
vainqueur ?
71%
vainqueur
71%
dix
69%
graisse
69%
idole
69%
n'était
69%
sourit
69%
des
67%
dit
67%
extase
67%
merveilles
67%
mot
67%
pro
67%
vers
67%
gramme
66%
l'Acropole
66%
l'Apollo
66%
sans
66%
Elles
64%
Lui
64%
meilleur
64%
mérite
64%
part
64%
peau
64%
roi
64%
tire
64%
disait
62%
notre
62%
vole
62%
fort
60%
grandi
60%
l'arène
60%
l'aurait
60%
leur
60%
Muses Oh
60%
Pour
60%
pour
60%
seigneur
60%
Seigneur
60%
yeah
60%
crâneur
59%
foule
59%
frappent
59%
on
59%
super
59%
doux ?
57%
doux
57%
pactole
57%
qu'il
57%
gladiateurs ?
55%
marmot
55%
banco
53%
chante
53%
vaincu
53%
jamais
52%
l'acclame
52%
qu'une
52%
s'offrir
52%
sonne
52%
frimeur
50%
rues
50%
venu
50%
Oui
48%
brave ?
47%
glas
47%
Phénomène
45%
fleur
41%
vu
41%
ailes
40%
hardi
40%
Rempli
40%
Soudain
40%
chaud
36%
D'allégresse
36%
d'esprit
36%
l'aiment
33%
pleut
33%
Certains
31%
certains
31%
Eurydice
31%
nues
26%
aux
24%
d'un
19%
homme
10%
quel
10%
Aucun quiz correspondant
Distribution des résultats
% des personnes avec chaque résultat
Percentile par nombre de réponses
Votre historique - résultats
Vous n’avez pas pris ce quiz